000
00317nam a2200121Ia 4500
008
190723s9999 xx 000 0 und d
020
_a
978-0-231-17315-5
100
_a
Jeffery D. Sachs
245
4
_a
The Age of Sustainable Development
260
_a
New York
_b
Columbia Uni Press
_c
2015
300
_a
543.:p
942
_c
BK
999
_c
1649
_d
1649